000 00363nam a2200133Ia 4500
100 _aSisodia/ML/ Raghuvashi
942 _cBK
654 _aBasic microwave
245 _aBasic microwave techniques and laboratory manual : Short self instructional course
260 _bWILEY EASTERN LIMITED
_aNew Delhi
_c1987
300 _a202
546 _aENGLISH
999 _c25322
_d25322